00567nam a2200181Ia 4500008004100000020001500041020001800056041000800074050002900082100001400111245003800125246002300163260003600186300003000222650004700252650004300299650004300342200826s9999||||xx |||||||||||||| ||und|| a7801166914 a9787801166913 achi aHC427.92 b.L47516 2008 a厉以宁 0a厉以宁自选集b /c厉以宁 a厲以寧自選集 a北京:b学习出版社,c2008 a3, 3, 527 p.b;c22 cm. aChina -- Economic conditions -- 1976-2000. aChina -- Economic conditions -- 2000-. aChina -- Economic policy -- 1976-2000.